[Event "Cappelle Online Bullet op"]
[Site "Europe Echecs INT"]
[Date "2021.03.05"]
[Round "10"]
[White "Courcelle, Victor"]
[Black "Pallas Moragues, Gerard"]
[Result "1-0"]
[WhiteElo "1313"]
[BlackElo "1647"]
[PlyCount "97"]
[EventDate "2021.03.05"]
[EventType "swiss (blitz)"]
[EventRounds "15"]
[EventCountry "FRA"]
[SourceTitle "EXT 2022"]
[Source "ChessBase"]
[SourceDate "2021.10.06"]
[SourceVersion "1"]
[SourceVersionDate "2021.10.06"]
[SourceQuality "1"]

1. e4 e6 2. d4 d6 3. d5 c6 4. dxc6 f6 5. cxb7 Bxb7 6. Bb5+ Nd7 7. c3 Qb6 8. Qa4 Kd8 9. Be3 Qc7 10. b4 Nb6 11. Qa3 Nc4 12. Qc1 Nxe3 13. Qxe3 d5 14. exd5 Bxd5 15. Qd4 Rb8 16. Ba4 Bd6 17. Bb3 Be5 18. Qd2 Ne7 19. Bxd5 Nf5 20. Bxe6+ Ke7 21. Bxf5 g6 22. Qd7+ Qxd7 23. Bxd7 Kxd7 24. Na3 Ke7 25. Rd1 Bd6 26. Nf3 Bxb4 27. cxb4 Rhd8 28. Nc2 Rxd1+ 29. Kxd1 Rd8+ 30. Ke2 Rd6 31. Rd1 Ke6 32. Rxd6+ Kxd6 33. Ncd4 f5 34. Nb5+ Kc6 35. Nxa7+ Kb7 36. Nc8 Kxc8 37. a4 Kc7 38. Ne5 Kb6 39. Nf7 h6 40. Ng5 hxg5 41. Kf3 f4 42. g3 g4+ 43. Kxg4 g5 44. Kxg5 fxg3 45. hxg3 Kc6 46. f4 Kd7 47. f5 Ke7 48. f6+ Kf8 49. Kg6 1-0

[Event "Cappelle Online Bullet op"]
[Site "Europe Echecs INT"]
[Date "2021.03.05"]
[Round "13"]
[White "Kouatly, Sami"]
[Black "Courcelle, Victor"]
[Result "0-1"]
[WhiteElo "1840"]
[BlackElo "1313"]
[PlyCount "114"]
[EventDate "2021.03.05"]
[EventType "swiss (blitz)"]
[EventRounds "15"]
[EventCountry "FRA"]
[SourceTitle "EXT 2022"]
[Source "ChessBase"]
[SourceDate "2021.10.06"]
[SourceVersion "1"]
[SourceVersionDate "2021.10.06"]
[SourceQuality "1"]

1. e4 c5 2. Nf3 Nc6 3. d4 cxd4 4. Nxd4 e5 5. Nb5 d6 6. N1c3 a6 7. Na3 b5 8. Nd5 Nf6 9. Bg5 Be7 10. Bxf6 Bxf6 11. c4 0-0 12. cxb5 axb5 13. Nxb5 Ba6 14. Nbc7 Bxf1 15. Rxf1 Ra7 16. Nb5 Rb7 17. a4 Qa5+ 18. Qd2 Rxb5 19. Qxa5 Rxa5 20. b4 Raa8 21. b5 Na5 22. Kd2 Rfc8 23. Rfc1 Rxc1 24. Rxc1 Kf8 25. Rc7 Bd8 26. Rd7 Ke8 27. Rxd6 Nc4+ 28. Kc3 Nxd6 29. Kb4 Nxe4 30. a5 Nxf2 31. b6 Bxb6 32. axb6 Rb8 33. Kc5 Kd7 34. g3 Nd3+ 35. Kc4 Nb2+ 36. Kc5 Na4+ 37. Kc4 Nxb6+ 38. Nxb6+ Rxb6 39. Kd3 Rd6+ 40. Ke4 f6 41. h4 h6 42. Kf5 g6+ 43. Kxg6 e4 44. Kxh6 e3 45. Kg6 e2 46. h5 e1Q 47. h6 Qh1 48. h7 Qxh7+ 49. Kxh7 f5 50. Kg7 f4 51. g4 Rd4 52. g5 f3 53. g6 f2 54. Kh8 f1Q 55. g7 Qf7 56. g8Q Rh4+ 57. Qh7 Qxh7# 0-1

[Event "Cappelle Online Bullet op"]
[Site "Europe Echecs INT"]
[Date "2021.03.05"]
[Round "9"]
[White "Randrianarimanana, Alicia"]
[Black "Courcelle, Victor"]
[Result "0-1"]
[WhiteElo "1971"]
[BlackElo "1313"]
[PlyCount "80"]
[EventDate "2021.03.05"]
[EventType "swiss (blitz)"]
[EventRounds "15"]
[EventCountry "FRA"]
[SourceTitle "EXT 2022"]
[Source "ChessBase"]
[SourceDate "2021.10.06"]
[SourceVersion "1"]
[SourceVersionDate "2021.10.06"]
[SourceQuality "1"]

1. d4 Nf6 2. e3 g6 3. Bd3 Bg7 4. Nf3 0-0 5. 0-0 d6 6. c3 Nbd7 7. e4 e5 8. Be3 exd4 9. Nxd4 Re8 10. f3 Nc5 11. Bc2 Be6 12. Qd2 Bc4 13. Rd1 Nfd7 14. Na3 Nb6 15. b3 Ba6 16. b4 Nca4 17. b5 Bxb5 18. Naxb5 a6 19. Na3 Nc5 20. Bb3 Nxb3 21. axb3 Qe7 22. Nac2 c5 23. Ne2 d5 24. exd5 Rad8 25. c4 Bxa1 26. Rxa1 Qe5 27. Rd1 Qe7 28. Nc3 Nd7 29. Bg5 Qf8 30. Bxd8 Rxd8 31. Re1 Re8 32. Rxe8 Qxe8 33. Qe3 Nf6 34. Qxe8+ Nxe8 35. Kf2 Kg7 36. Ke3 f6 37. Ne2 Kf7 38. Nf4 Ke7 39. Ne6 Kd6 40. Ne1 Nc7 0-1

[Event "Ville d'Orsay online Blitz"]
[Site "Europe Echecs INT"]
[Date "2021.02.07"]
[Round "10"]
[White "Courcelle, Victor"]
[Black "Bouville, David"]
[Result "1/2-1/2"]
[WhiteElo "1313"]
[BlackElo "1778"]
[PlyCount "120"]
[EventDate "2021.02.07"]
[EventType "swiss (blitz)"]
[EventRounds "11"]
[EventCountry "FRA"]
[SourceTitle "CBM 200 Extra"]
[Source "ChessBase"]
[SourceDate "2021.03.31"]
[SourceVersion "1"]
[SourceVersionDate "2021.03.31"]
[SourceQuality "1"]

1. c4 Nf6 2. Nc3 Ng8 3. Nf3 Nf6 4. e3 d6 5. Be2 Bd7 6. 0-0 g6 7. d4 Bg7 8. Bd2 Nc6 9. Qc1 0-0 10. d5 Ne5 11. Nxe5 dxe5 12. e4 e6 13. Bh6 exd5 14. cxd5 Bg4 15. Bxg7 Kxg7 16. Bxg4 Nxg4 17. Qd1 Qh4 18. h3 Nf6 19. Qf3 Nh5 20. Rad1 f5 21. d6 fxe4 22. Qxe4 Qxe4 23. Nxe4 cxd6 24. Nxd6 Nf4 25. Nxb7 Rab8 26. Nc5 Rxb2 27. g3 Nxh3+ 28. Kh2 Nxf2 29. Ne6+ Kh6 30. Nxf8 Nxd1+ 31. Kh3 Nf2+ 32. Kg2 Ne4+ 33. Kh3 Rxa2 34. Nd7 Nf2+ 35. Kg2 Ng4+ 36. Kh3 g5 37. Rh1 Kh5 38. Nf6+ Nxf6 39. g4+ Nxg4 40. Kg3+ Rh2 41. Rb1 Rd2 42. Kh3 Rd3+ 43. Kg2 Kg6 44. Kg1 e4 45. Kf1 Ne3+ 46. Ke1 Rd1+ 47. Rxd1 Nxd1 48. Kxd1 Kf5 49. Ke2 Kf4 50. Kd2 g4 51. Ke1 Kf3 52. Kf1 e3 53. Kg1 e2 54. Kh2 g3+ 55. Kh3 e1Q 56. Kh4 g2+ 57. Kg5 g1Q+ 58. Kf6 Qe4 59. Kf7 Qgg6+ 60. Kf8 Qb7 1/2-1/2

[Event "Ville d'Orsay online Blitz"]
[Site "Europe Echecs INT"]
[Date "2021.02.07"]
[Round "4"]
[White "Courcelle, Victor"]
[Black "Phialy, Sylvain"]
[Result "1-0"]
[WhiteElo "1313"]
[BlackElo "1631"]
[PlyCount "69"]
[EventDate "2021.02.07"]
[EventType "swiss (blitz)"]
[EventRounds "11"]
[EventCountry "FRA"]
[SourceTitle "CBM 200 Extra"]
[Source "ChessBase"]
[SourceDate "2021.03.31"]
[SourceVersion "1"]
[SourceVersionDate "2021.03.31"]
[SourceQuality "1"]

1. c4 e5 2. Nc3 Nf6 3. Nf3 d6 4. e3 Be7 5. Be2 Nc6 6. 0-0 h6 7. d4 exd4 8. exd4 Bd7 9. d5 Ne5 10. Nxe5 dxe5 11. Re1 0-0 12. Bd2 a6 13. Bd3 Bc5 14. Ne4 Nxe4 15. Bxe4 f5 16. Bc2 Qh4 17. g3 Qxc4 18. d6 Qb5 19. dxc7 Rac8 20. Qc1 f4 21. Bb3+ Kh8 22. Bc3 Rxc7 23. Rxe5 Bd6 24. Rxb5 Bxb5 25. a4 Bc6 26. Qd2 Bc5 27. Bd4 Bxd4 28. Qxd4 fxg3 29. hxg3 Rcf7 30. Rd1 Rxf2 31. Qxf2 Rxf2 32. Kxf2 Kh7 33. Bc2+ Kg8 34. Bg6 Kf8 35. Re1 1-0

[Event "Ville d'Orsay online Blitz"]
[Site "Europe Echecs INT"]
[Date "2021.02.07"]
[Round "1"]
[White "Naudier, Serge"]
[Black "Courcelle, Victor"]
[Result "1-0"]
[WhiteElo "2097"]
[BlackElo "1313"]
[PlyCount "135"]
[EventDate "2021.02.07"]
[EventType "swiss (blitz)"]
[EventRounds "11"]
[EventCountry "FRA"]
[SourceTitle "CBM 200 Extra"]
[Source "ChessBase"]
[SourceDate "2021.03.31"]
[SourceVersion "1"]
[SourceVersionDate "2021.03.31"]
[SourceQuality "1"]

1. e4 c5 2. Nf3 Nc6 3. d4 cxd4 4. Nxd4 e5 5. Nb5 d6 6. N1c3 a6 7. Na3 b5 8. Nd5 Nf6 9. Bg5 Be7 10. Nxe7 Qxe7 11. c3 0-0 12. Nc2 Bb7 13. Ne3 Qe6 14. Bxf6 Qxf6 15. Bd3 Rad8 16. Bc2 Ne7 17. 0-0 d5 18. exd5 Nxd5 19. Nxd5 Rxd5 20. Qe2 Qg5 21. Be4 Rd7 22. Bxb7 Rxb7 23. Rfd1 Re8 24. g3 e4 25. Rd4 e3 26. Re1 exf2+ 27. Qxf2 Rxe1+ 28. Qxe1 g6 29. Qd2 Qxd2 30. Rxd2 h5 31. Rd6 a5 32. Kf2 Kh7 33. a3 b4 34. axb4 axb4 35. c4 Ra7 36. Rb6 Kh6 37. Rxb4 f5 38. h4 g5 39. Rb6+ Kg7 40. hxg5 Rd7 41. b4 Rd2+ 42. Kf3 Rc2 43. c5 Rc3+ 44. Kf4 Rc4+ 45. Kxf5 Rc3 46. c6 Rxg3 47. b5 Rc3 48. Rb7+ Kf8 49. c7 Ke8 50. Rb8+ Kd7 51. c8Q+ Rxc8 52. Rxc8 Kxc8 53. g6 Kc7 54. g7 Kb6 55. g8R h4 56. Rh8 h3 57. Rxh3 Kxb5 58. Rd3 Kc6 59. Ke5 Kc5 60. Rd4 Kc6 61. Rd5 Kc7 62. Rd6 Kb7 63. Kd5 Kb8 64. Kc6 Ka8 65. Rd7 Kb8 66. Rc7 Ka8 67. Kb6 Kb8 68. Rc6 1-0

[Event "FRA-ch Blitz Online Qual"]
[Site "Europe Echecs INT"]
[Date "2020.05.16"]
[Round "11"]
[White "Courcelle, Victor"]
[Black "De Nave, Julien"]
[Result "0-1"]
[WhiteElo "1314"]
[BlackElo "1177"]
[PlyCount "84"]
[EventDate "2020.05.16"]
[EventType "swiss (blitz)"]
[EventRounds "15"]
[EventCountry "FRA"]
[SourceTitle "CBM 196 Extra"]
[Source "ChessBase"]
[SourceDate "2020.07.31"]
[SourceVersion "1"]
[SourceVersionDate "2020.07.31"]
[SourceQuality "1"]

1. c4 Nf6 2. Nc3 g6 3. Nf3 Bg7 4. e3 d5 5. cxd5 Nxd5 6. d4 Nxc3 7. bxc3 c5 8. Be2 Nc6 9. 0-0 cxd4 10. cxd4 e6 11. Bb5 0-0 12. Ba3 Re8 13. Rc1 Bd7 14. Re1 Ne7 15. Bxd7 Qxd7 16. Qc2 Rac8 17. Qb3 Nc6 18. Rc2 Na5 19. Qb2 Nc4 20. Qc1 Nxa3 21. Rxc8 Rxc8 22. Qxa3 a6 23. Rc1 Bf8 24. Rxc8 Qxc8 25. Qd3 b5 26. Nd2 Bb4 27. Nb3 Qc7 28. h3 Qc6 29. Kf1 a5 30. g3 Qh1+ 31. Ke2 Qxh3 32. Qxb5 Qh1 33. Nxa5 Qe1+ 34. Kf3 Bxa5 35. Qb8+ Kg7 36. Qe5+ f6 37. Qc7+ Bxc7 38. e4 Qd1+ 39. Ke3 f5 40. exf5 gxf5 41. f4 Bb6 42. Kf2 Bxd4+ 0-1

[Event "FRA-ch Blitz Online Qual"]
[Site "Europe Echecs INT"]
[Date "2020.05.16"]
[Round "2"]
[White "Courcelle, Victor"]
[Black "Sylvestre Baron, Laurent"]
[Result "1/2-1/2"]
[WhiteElo "1314"]
[BlackElo "1728"]
[PlyCount "102"]
[EventDate "2020.05.16"]
[EventType "swiss (blitz)"]
[EventRounds "15"]
[EventCountry "FRA"]
[SourceTitle "CBM 196 Extra"]
[Source "ChessBase"]
[SourceDate "2020.07.31"]
[SourceVersion "1"]
[SourceVersionDate "2020.07.31"]
[SourceQuality "1"]

1. c4 Nf6 2. Nc3 g6 3. Nf3 Bg7 4. e3 0-0 5. Be2 d5 6. cxd5 Nxd5 7. d4 c5 8. 0-0 cxd4 9. Nxd4 Nxc3 10. bxc3 e5 11. Nb3 Be6 12. Qxd8 Rxd8 13. Bb2 Nc6 14. Rad1 f5 15. Rxd8+ Rxd8 16. Rd1 Rxd1+ 17. Bxd1 e4 18. Bc2 Nb4 19. Bb1 Nd5 20. Nc5 Bxc3 21. Nxe6 Bxb2 22. Nc5 Nc3 23. Bc2 b6 24. Nd7 Nxa2 25. Bb3+ Kg7 26. Bxa2 b5 27. Nc5 a5 28. Bb3 a4 29. Nxa4 bxa4 30. Bxa4 Kf6 31. h3 Ke5 32. Kf1 g5 33. Bb5 f4 34. exf4+ gxf4 35. g3 fxg3 36. fxg3 Kd4 37. g4 Ke3 38. h4 Kf3 39. Bc6 Kf4 40. g5 e3 41. Ke2 Bd4 42. Bf3 Bc5 43. g6 hxg6 44. h5 g5 45. h6 Bf8 46. h7 Bg7 47. Bh5 g4 48. Bxg4 Kxg4 49. Kxe3 Kg5 50. Ke4 Kh6 51. h8Q+ Bxh8 1/2-1/2

[Event "FRA-ch Blitz Online Qual"]
[Site "Europe Echecs INT"]
[Date "2020.05.16"]
[Round "14"]
[White "Lebrun, Mathieu"]
[Black "Courcelle, Victor"]
[Result "0-1"]
[WhiteElo "1177"]
[BlackElo "1314"]
[PlyCount "62"]
[EventDate "2020.05.16"]
[EventType "swiss (blitz)"]
[EventRounds "15"]
[EventCountry "FRA"]
[SourceTitle "CBM 196 Extra"]
[Source "ChessBase"]
[SourceDate "2020.07.31"]
[SourceVersion "1"]
[SourceVersionDate "2020.07.31"]
[SourceQuality "1"]

1. e4 c5 2. d3 Nc6 3. g3 Nf6 4. f4 e6 5. Nf3 Be7 6. Bg2 0-0 7. Nc3 d5 8. e5 Nd7 9. d4 c4 10. g4 Bh4+ 11. Ke2 f5 12. g5 Bxg5 13. Nxg5 Nb6 14. Be3 Bd7 15. h4 h6 16. Nf3 Be8 17. h5 Bf7 18. Kd2 Qe8 19. Ng1 a5 20. Qf3 a4 21. a3 Na5 22. Nge2 Nc6 23. Rag1 Qd7 24. Bh3 Nd8 25. Qg3 Be8 26. Qg2 Rf7 27. Qg3 Re7 28. Bf1 Nc6 29. Nb5 Na5 30. Nd6 Nc6 31. Nc3 Nd8 0-1

[Event "FRA-ch Blitz Online Qual"]
[Site "Europe Echecs INT"]
[Date "2020.05.16"]
[Round "7"]
[White "Pineau, Patrick"]
[Black "Courcelle, Victor"]
[Result "1-0"]
[WhiteElo "1349"]
[BlackElo "1314"]
[PlyCount "37"]
[EventDate "2020.05.16"]
[EventType "swiss (blitz)"]
[EventRounds "15"]
[EventCountry "FRA"]
[SourceTitle "CBM 196 Extra"]
[Source "ChessBase"]
[SourceDate "2020.07.31"]
[SourceVersion "1"]
[SourceVersionDate "2020.07.31"]
[SourceQuality "1"]

1. e4 c5 2. Nf3 Nc6 3. d4 cxd4 4. Nxd4 e5 5. Nb3 Nf6 6. Nc3 Bb4 7. Bd3 0-0 8. 0-0 Re8 9. Bg5 d6 10. Nd5 Re6 11. Nxf6+ gxf6 12. Bh4 Kh8 13. Bc4 Re7 14. Bxf6+ Kg8 15. Qh5 Bc5 16. Qg5+ Kf8 17. Nxc5 dxc5 18. Rad1 Qe8 19. Qg7# 1-0